[Event "Pohár města Říčany 2018"]
[Site "Městské kulturní středisko U labutě"]
[Date "2019.08.31"]
[Round "9.1"]
[White "Hadzala, Daniel"]
[Black "Mladek, Richard"]
[Result "0-1"]
[WhiteElo "2047"]
[BlackElo "2266"]
[PlyCount "0"]
[EventDate "2019.08.24"]

1. Nf3 {[%clk 01:30:56]} {[%emt 00:00:02]} Nf6 {[%clk 01:23:39]} {[%emt
00:07:22]} 2. g3 {[%clk 01:29:04]} {[%emt 00:02:21]} g6 {[%clk 01:24:08]}
{[%emt 00:00:02]} 3. Bg2 {[%clk 01:29:25]} {[%emt 00:00:09]} Bg7 {[%clk
01:24:36]} {[%emt 00:00:02]} 4. O-O {[%clk 01:29:41]} {[%emt 00:00:13]} O-O
{[%clk 01:25:05]} {[%emt 00:00:02]} 5. d3 {[%clk 01:30:04]} {[%emt 00:00:07]}
d6 {[%clk 01:25:32]} {[%emt 00:00:03]} 6. c4 {[%clk 01:30:24]} {[%emt
00:00:09]} e5 {[%clk 01:26:01]} {[%emt 00:00:02]} 7. Nc3 {[%clk 01:30:43]}
{[%emt 00:00:11]} Nc6 {[%clk 01:26:29]} {[%emt 00:00:02]} 8. Rb1 {[%clk
01:31:00]} {[%emt 00:00:12]} a5 {[%clk 01:26:56]} {[%emt 00:00:04]} 9. a3
{[%clk 01:31:21]} {[%emt 00:00:09]} h6 {[%clk 01:27:24]} {[%emt 00:00:02]} 10.
b4 {[%clk 01:31:34]} {[%emt 00:00:16]} axb4 {[%clk 01:27:53]} {[%emt 00:00:02]}
11. axb4 {[%clk 01:31:51]} {[%emt 00:00:13]} Be6 {[%clk 01:28:21]} {[%emt
00:00:02]} 12. b5 {[%clk 01:31:19]} {[%emt 00:01:01]} Ne7 {[%clk 01:28:50]}
{[%emt 00:00:02]} 13. Ne1 {[%clk 01:27:55]} {[%emt 00:03:53]} Qc8 {[%clk
01:27:22]} {[%emt 00:01:59]} 14. Nc2 {[%clk 01:25:39]} {[%emt 00:02:46]} Bh3
{[%clk 01:27:38]} {[%emt 00:00:14]} 15. Ne3 {[%clk 01:25:14]} {[%emt 00:00:54]}
Bxg2 {[%clk 01:27:17]} {[%emt 00:00:52]} 16. Kxg2 {[%clk 01:19:47]} {[%emt
00:05:57]} Qe6 {[%clk 01:26:37]} {[%emt 00:01:11]} 17. Qb3 {[%clk 01:17:35]}
{[%emt 00:02:41]} c6 {[%clk 01:26:33]} {[%emt 00:00:34]} 18. Ba3 {[%clk
01:12:54]} {[%emt 00:05:11]} Nd7 {[%clk 01:26:55]} {[%emt 00:00:08]} 19. Ne4
{[%clk 01:07:28]} {[%emt 00:05:55]} Nc8 {[%clk 01:25:11]} {[%emt 00:02:14]} 20.
c5 {[%clk 00:54:15]} {[%emt 00:13:44]} d5 {[%clk 01:24:46]} {[%emt 00:00:56]}
21. bxc6 {[%clk 00:47:17]} {[%emt 00:07:28]} bxc6 {[%clk 01:24:53]} {[%emt
00:00:23]} 22. Nd6 {[%clk 00:45:06]} {[%emt 00:02:40]} Nxc5 {[%clk 01:19:53]}
{[%emt 00:05:31]} 23. Bxc5 {[%clk 00:43:49]} {[%emt 00:01:46]} Nxd6 {[%clk
01:20:18]} {[%emt 00:00:06]} 24. Rfc1 {[%clk 00:43:00]} {[%emt 00:01:18]} Rfc8
{[%clk 01:19:38]} {[%emt 00:01:11]} 25. Ra1 {[%clk 00:33:01]} {[%emt 00:10:29]}
Rab8 {[%clk 01:16:55]} {[%emt 00:03:14]} 26. Qc2 {[%clk 00:31:29]} {[%emt
00:02:02]} Nb5 {[%clk 01:14:22]} {[%emt 00:03:03]} 27. Ra6 {[%clk 00:29:12]}
{[%emt 00:02:46]} d4 {[%clk 01:10:33]} {[%emt 00:04:19]} 28. Nd1 {[%clk
00:22:34]} {[%emt 00:07:09]} Nc7 {[%clk 01:10:48]} {[%emt 00:00:16]} 29. Ra7
{[%clk 00:21:20]} {[%emt 00:01:43]} Qd5+ {[%clk 01:11:03]} {[%emt 00:00:15]} 30.
f3 {[%clk 00:21:29]} {[%emt 00:00:21]} Ne6 {[%clk 01:10:17]} {[%emt 00:01:16]}
31. e4 {[%clk 00:19:09]} {[%emt 00:02:50]} dxe3 {[%clk 01:10:19]} {[%emt
00:00:29]} 32. Nxe3 {[%clk 00:18:30]} {[%emt 00:01:08]} Qxc5 {[%clk 01:09:03]}
{[%emt 00:01:46]} 33. Qxc5 {[%clk 00:16:55]} {[%emt 00:02:05]} Nxc5 {[%clk
01:09:25]} {[%emt 00:00:09]} 34. Rxc5 {[%clk 00:17:17]} {[%emt 00:00:08]} e4
{[%clk 01:09:49]} {[%emt 00:00:06]} 0-1

[Event "Pohár města Říčany 2018"]
[Site "Městské kulturní středisko U labutě"]
[Date "2019.08.31"]
[Round "9.2"]
[White "Neuman, Petr"]
[Black "Novotny, Martin"]
[Result "1/2-1/2"]
[WhiteElo "2392"]
[BlackElo "2178"]
[PlyCount "0"]
[EventDate "2019.08.24"]

1. e4 c5 2. Nc3 g6 3. d4 Bg7 4. Be3 cxd4 5. Bxd4 Nf6 6. e5 Ng8 7. e6 f6
8. exd7+ Bxd7 9. Bc4 Nc6 10. Be3 Nh6 11. f3 Nf5 12. Bf2 Nd6 13. Bb3 f5 14. Nge2
Na5 15. O-O Nac4 16. Bxc4 Nxc4 17. Qd5 Qc8 18. Rfe1 e6 19. Nf4 Kf7 20. Nxe6 Bxe6
21. Rxe6 Qxe6 22. Qxb7+ Qe7 23. Qd5+ Qe6 24. Qb7+ Qe7 1/2-1/2

[Event "Pohár města Říčany 2018"]
[Site "Městské kulturní středisko U labutě"]
[Date "2019.08.31"]
[Round "9.5"]
[White "Rodshtein, Tereza"]
[Black "Dunder, Ondrej"]
[Result "1-0"]
[WhiteElo "2208"]
[BlackElo "1717"]
[PlyCount "0"]
[EventDate "2019.08.24"]

1. e4 d5 2. exd5 Qxd5 3. Nc3 Qa5 4. d4 Nf6 5. Nf3 c6 6. Bc4 Bf5 7. Bd2 e6
8. Nd5 Qd8 9. Nxf6+ Qxf6 10. Bc3 Qd8 11. Qe2 Be7 12. O-O O-O 13. Rad1 Nd7
14. Ne5 Qc7 15. g4 Bg6 16. f4 Nxe5 17. dxe5 b5 18. Bb3 Qb6+ 19. Bd4 c5 20. Be3
Be4 21. c4 b4 22. Rd7 Rfe8 23. Ba4 Rad8 24. Rfd1 Rxd7 25. Rxd7 a5 26. Qd2 Bc6
27. Rxe7 Rxe7 28. Qd6 Rd7 29. Qxc6 Qxc6 30. Bxc6 Rc7 31. Ba4 Kf8 32. Kf2 Ke7
33. Kf3 g6 34. f5 Kd8 35. Kf4 Ke7 36. f6+ Kf8 37. Ke4 Rc8 38. Kd3 Rc7 39. Kc2
Rc8 40. Bd7 Rc7 41. Bb5 a4 42. Bxa4 h5 43. gxh5 gxh5 44. a3 bxa3 45. bxa3 Kg8
46. Kb2 Kh7 47. Bd1 h4 48. Kc3 Kg6 49. Bc2+ Kh5 50. h3 Rc8 51. Be4 Rc7 52. a4
Ra7 53. Kb3 Rxa4 54. Bf3+ 1-0

[Event "Pohár města Říčany 2018"]
[Site "Městské kulturní středisko U labutě"]
[Date "2019.08.31"]
[Round "9.6"]
[White "Zizka, Petr"]
[Black "Vystrcil, Martin"]
[Result "1-0"]
[WhiteElo "2081"]
[BlackElo "2106"]
[PlyCount "0"]
[EventDate "2019.08.24"]

1. b3 Nf6 2. Bb2 g6 3. Bxf6 exf6 4. c4 Bg7 5. Nc3 f5 6. Rc1 d6 7. g3 c6 8. Bg2
Nd7 9. e3 O-O 10. Nge2 Qe7 11. O-O Nc5 12. d4 Ne4 13. b4 a5 14. b5 Bd7 15. Qd3
Rfe8 16. Na4 Qd8 17. Nec3 Nxc3 18. Rxc3 Qc7 19. Rb1 Rab8 20. Rcb3 g5 21. bxc6
bxc6 22. Nb6 f4 23. Be4 h6 24. exf4 gxf4 25. gxf4 Kh8 26. Kh1 Rg8 27. f5 Qd8
28. Qe3 Bc8 29. Nxc8 Rxc8 30. Rb6 Qf6 31. Bxc6 Qxd4 32. Bd5 Rge8 33. Qxd4 Bxd4
34. Rxd6 f6 35. Be6 Rcd8 36. Rxd8 Rxd8 37. Kg2 Rd6 38. Rb5 a4 39. Ra5 Bb6
40. Rxa4 Rd2 41. Ra8+ Kg7 42. Rg8+ Kh7 43. Rg6 Bxf2 44. Kf3 Bd4 45. Ke4 Be5
46. c5 Rc2 47. Kd5 Rxa2 48. h4 Rd2+ 49. Kc6 Rc2 50. Rg4 h5 51. Ra4 Bg3 52. Kb6
Bf2 53. Bc4 Rb2+ 54. Kc6 Bxh4 55. Bg8+ Kxg8 56. Rxh4 Kg7 57. Rxh5 Rc2 58. Kd6
Rd2+ 59. Kc7 Rc2 60. c6 Kf8 61. Rh3 Rb2 62. Re3 Kf7 63. Re6 Rf2 64. Kd8 Rd2+
65. Kc8 Rf2 66. c7 Rxf5 67. Kd7 Rc5 68. Rc6 Rd5+ 69. Rd6 1-0

[Event "Pohár města Říčany 2018"]
[Site "Městské kulturní středisko U labutě"]
[Date "2019.08.31"]
[Round "9.7"]
[White "Zvolensky, David"]
[Black "Petras, Milan"]
[Result "1/2-1/2"]
[WhiteElo "2152"]
[BlackElo "1981"]
[PlyCount "0"]
[EventDate "2019.08.24"]

1. d4 d6 2. e4 e5 3. Nf3 Nd7 4. Bc4 c6 5. O-O Be7 6. Re1 Ngf6 7. c3 O-O 8. Bb3
Qc7 9. Nbd2 b5 10. Nf1 c5 11. Ng3 g6 12. Bh6 Re8 13. a4 b4 14. dxe5 Nxe5
15. cxb4 Bg4 16. Bf4 cxb4 17. Rc1 Qb6 18. Bxe5 dxe5 19. Bxf7+ Kxf7 20. Nxe5+ Kg7
21. Nxg4 Rad8 22. Nxf6 Bxf6 23. Qe2 b3 24. Red1 Bg5 25. Rc3 Qb4 26. Rxd8 Rxd8
27. Qg4 Qxc3 28. bxc3 b2 29. Qxg5 b1=Q+ 30. Nf1 Rd1 31. Qe7+ Kh6 32. Qf8+ Kh5
33. Qf3+ Kh6 34. Qf8+ Kh5 35. g4+ Kg5 36. h4+ Kxg4 37. Kg2 Rxf1 38. Qf3+ 1/2-1/2

[Event "Pohár města Říčany 2018"]
[Site "Městské kulturní středisko U labutě"]
[Date "2019.08.31"]
[Round "9.8"]
[White "Toulec, Stanislav"]
[Black "Stanek, Ondrej"]
[Result "0-1"]
[WhiteElo "1930"]
[BlackElo "2047"]
[PlyCount "0"]
[EventDate "2019.08.24"]

1. e4 c6 2. d3 d5 3. Nd2 e5 4. Ngf3 Bd6 5. d4 exd4 6. exd5 Nf6 7. dxc6 Nxc6
8. Bb5 O-O 9. O-O a6 10. Bd3 Bg4 11. h3 Bh5 12. Re1 Re8 13. Rxe8+ Qxe8 14. g4
Bg6 15. Bxg6 hxg6 16. Nb3 Rd8 17. Nfxd4 Nxd4 18. Nxd4 Qe5 19. f4 Qe4 20. c3 Bc5
21. Qf1 Bxd4+ 22. cxd4 Rxd4 23. b3 Nd5 24. Kh2 Ne3 25. Bxe3 Qxe3 26. Re1 Rd2+
27. Kh1 Qg3 28. Re2 Rxe2 29. Qxe2 Qxh3+ 30. Kg1 Qg3+ 31. Qg2 Qxf4 32. Qxb7 Qxg4+
33. Kf2 Qf5+ 34. Kg3 Qd3+ 35. Kf2 g5 36. Qa8+ Kh7 37. Qh1+ Kg6 38. Qc6+ Kh5
39. a4 g4 40. b4 Qd2+ 41. Kg1 Qe1+ 42. Kg2 Qe2+ 43. Kg1 Qe3+ 44. Kf1 Qd3+
45. Kg1 Qd4+ 46. Kg2 Qxb4 47. Qxa6 Qd2+ 48. Kf1 f5 49. a5 Qd1+ 50. Kf2 Qf3+
51. Kg1 g3 52. Qb6 Qe2 0-1

[Event "Pohár města Říčany 2018"]
[Site "Městské kulturní středisko U labutě"]
[Date "2019.08.31"]
[Round "9.9"]
[White "Groh, Jiri"]
[Black "Nemecek, Pavel"]
[Result "0-1"]
[WhiteElo "2001"]
[BlackElo "1801"]
[PlyCount "0"]
[EventDate "2019.08.24"]

1. Nf3 Nf6 2. c4 g6 3. e3 Bg7 4. Be2 O-O 5. O-O d6 6. Nc3 e5 7. d4 Nbd7 8. Qc2
Ne8 9. dxe5 Nxe5 10. e4 Bd7 11. Nxe5 Bxe5 12. f4 Bd4+ 13. Kh1 f5 14. Nb5 Bg7
15. Be3 a6 16. Nc3 Nf6 17. c5 fxe4 18. cxd6 cxd6 19. Nxe4 Bc6 20. Ng5 Qe8
21. Bd4 Rc8 22. Qd1 h6 23. Re1 Qd7 24. Bxf6 hxg5 25. Bg4 Bxg2+ 26. Kxg2 Qc6+
27. Qf3 Rxf6 28. Bxc8 Qxc8 29. Rac1 Qd7 30. Qd5+ Kh7 31. Qxg5 Rf5 32. Qg4 Qf7
33. Qh3+ Rh5 34. Qf3 Rf5 35. Re2 Be5 36. Rec2 d5 37. Qh3+ Rh5 38. fxe5 Rxh3
39. Rc7 Rf3 40. Rxf7+ Rxf7 41. Rd1 Rc7 42. e6 Kg7 43. Rxd5 Kf6 44. Rd7 Rxd7
45. exd7 Ke7 46. Kf3 Kxd7 47. Kg4 Ke6 48. Kg5 Kf7 49. Kh6 Kf6 50. h4 b6 51. b4
a5 52. a3 axb4 53. axb4 b5 54. Kh7 g5 55. hxg5+ Kxg5 56. Kg7 Kf5 57. Kh6 Ke5
58. Kg5 Kd4 59. Kf4 Kc4 60. Ke3 Kxb4 61. Kd2 Kb3 62. Kc1 Ka2 0-1

[Event "Pohár města Říčany 2018"]
[Site "Městské kulturní středisko U labutě"]
[Date "2019.08.31"]
[Round "9.10"]
[White "Hrbek, Tomas"]
[Black "Vojta, Jakub"]
[Result "0-1"]
[WhiteElo "1744"]
[BlackElo "2256"]
[PlyCount "0"]
[EventDate "2019.08.24"]

1. d4 Nf6 2. c4 g6 3. Nc3 d5 4. Bf4 Bg7 5. e3 c6 6. Nf3 O-O 7. b4 a5 8. b5 Nh5
9. Bxb8 Rxb8 10. Qb3 Be6 11. Ng5 Bf5 12. cxd5 e5 13. Nxf7 Rxf7 14. dxc6 Kf8
15. Bc4 Re7 16. Nd5 exd4 17. Qa3 bxc6 18. bxc6 Rb4 19. Nxb4 axb4 20. Qxb4 dxe3
21. Rd1 Qc7 22. O-O Be5 23. g3 Bh3 24. fxe3+ Kg7 25. Rf4 Nxf4 26. exf4 Bf6
27. Bd5 Qa7+ 28. Kh1 Qf2 29. Qd2 Qxd2 30. Rxd2 Re1# 0-1

[Event "Pohár města Říčany 2018"]
[Site "Městské kulturní středisko U labutě"]
[Date "2019.08.31"]
[Round "9.11"]
[White "Vlkova, Anezka"]
[Black "Elias, Jakub"]
[Result "1-0"]
[WhiteElo "1973"]
[BlackElo "1836"]
[PlyCount "0"]
[EventDate "2019.08.24"]

1. e4 c5 2. Nc3 Nc6 3. g3 g6 4. Bg2 Bg7 5. d3 d6 6. Nge2 e6 7. O-O Nge7 8. Bg5
h6 9. Be3 O-O 10. d4 b6 11. dxc5 dxc5 12. Qc1 Kh7 13. Rd1 Nd4 14. e5 Nd5
15. Nxd4 cxd4 16. Bxd4 Bb7 17. Nb5 Bc6 18. a4 Qe7 19. c3 Rfd8 20. b4 Rac8
21. Nd6 Rc7 22. Qb2 Qf8 23. b5 Ba8 24. a5 bxa5 25. Rxa5 Nb6 26. Rxa7 Rxa7
27. Bxb6 Bxg2 28. Kxg2 Bxe5 29. Bxa7 Rxd6 30. Rxd6 Qxd6 31. Bd4 Qd5+ 32. Kg1 Bb8
33. c4 Qxc4 34. Bh8 e5 35. Bxe5 Bxe5 36. Qxe5 Qb3 37. Kg2 Qb1 38. Qd5 Kg8
39. Qc6 h5 40. h4 g5 41. b6 gxh4 42. b7 1-0

[Event "Pohár města Říčany 2018"]
[Site "Městské kulturní středisko U labutě"]
[Date "2019.08.31"]
[Round "9.12"]
[White "Tejkal, Jiri"]
[Black "Stepanek, Svatopluk"]
[Result "0-1"]
[WhiteElo "1881"]
[BlackElo "1822"]
[PlyCount "0"]
[EventDate "2019.08.24"]

1. d4 d5 2. c4 e6 3. Nc3 Nf6 4. Bg5 Be7 5. e3 h6 6. Bh4 O-O 7. Nf3 Ne4 8. Bxe7
Qxe7 9. Qc2 Nxc3 10. Qxc3 Nd7 11. Rc1 c6 12. Bd3 f6 13. O-O f5 14. cxd5 exd5
15. b4 a6 16. a4 Nf6 17. Ne5 Ne4 18. Bxe4 fxe4 19. Ng6 Qg5 20. Nf4 Bd7 21. f3
Rae8 22. Kh1 h5 23. Rce1 h4 24. Qd2 Bf5 25. Rg1 Qh6 26. Rgf1 Rf6 27. Qe2 Ref8
28. Kg1 g5 29. Nh3 exf3 30. Qd2 Be4 31. gxf3 Bxf3 32. Nf2 g4 33. Nd3 g3 34. Nf4
Be4 35. Qe2 Qg7 36. h3 Qg5 37. Ng2 Rf2 0-1

[Event "Pohár města Říčany 2018"]
[Site "Městské kulturní středisko U labutě"]
[Date "2019.08.31"]
[Round "9.13"]
[White "Krizek, Krystof"]
[Black "Smolik, Jachym"]
[Result "1-0"]
[WhiteElo "1984"]
[BlackElo "1891"]
[PlyCount "0"]
[EventDate "2019.08.24"]

1. e4 c5 2. Nf3 e6 3. d4 cxd4 4. Nxd4 Qb6 5. Nb3 a6 6. Bd3 Qc7 7. O-O Nf6
8. Kh1 Be7 9. f4 d6 10. Nc3 b6 11. Bd2 Bb7 12. Qe2 Nbd7 13. Rae1 e5 14. Qf3 Qc6
15. Nd5 exf4 16. Nd4 Qc5 17. b4 Qc8 18. Nxe7 Kxe7 19. Nf5+ Kf8 20. Bxf4 Ne5
21. Qg3 Nh5 22. Qg5 1-0

[Event "Pohár města Říčany 2018"]
[Site "Městské kulturní středisko U labutě"]
[Date "2019.08.31"]
[Round "9.14"]
[White "Stojkovic, Andreja"]
[Black "Svetly, Jiri"]
[Result "1-0"]
[WhiteElo "1968"]
[BlackElo "1871"]
[PlyCount "0"]
[EventDate "2019.08.24"]

1. e4 d6 2. d4 Nf6 3. Nc3 g6 4. Be3 Bg7 5. h3 c6 6. g4 b5 7. a3 a5 8. g5 Nfd7
9. Nge2 Bb7 10. Ng3 b4 11. axb4 axb4 12. Rxa8 Bxa8 13. Na4 Qa5 14. b3 Nb6
15. Nxb6 Qxb6 16. Be2 Nd7 17. h4 c5 18. d5 Rf8 19. h5 f5 20. gxf6 Bxf6 21. hxg6
Bc3+ 22. Kf1 hxg6 23. Kg2 Nf6 24. Bg4 Bd4 25. Bxd4 cxd4 26. Be6 Qc5 27. f3 Bb7
28. Ne2 Bxd5 29. exd5 Nxd5 30. Bxd5 Qxd5 31. Rh3 e5 32. Qd3 Kf7 33. Rh7+ Kf6
34. Ng3 Rg8 35. Ne4+ Ke6 36. Ng5+ Kf6 37. Ne4+ Ke6 38. Qd2 g5 39. Rh6+ Ke7
40. Rh7+ Ke6 41. Rh6+ Ke7 42. Rxd6 Qf7 43. Qxb4 1-0

[Event "Pohár města Říčany 2018"]
[Site "Městské kulturní středisko U labutě"]
[Date "2019.08.31"]
[Round "9.15"]
[White "Reljic, Michael"]
[Black "Hejsek, Lukas"]
[Result "1/2-1/2"]
[WhiteElo "1890"]
[BlackElo "1948"]
[PlyCount "0"]
[EventDate "2019.08.24"]

1. e4 c5 2. Nf3 Nc6 3. c3 Nf6 4. e5 Nd5 5. d4 cxd4 6. cxd4 d6 7. exd6 Qxd6
8. Nc3 e6 9. Bc4 Be7 10. O-O O-O 11. a3 a6 12. Ba2 b5 13. Bg5 h6 14. Ne4 Qd8
15. Bxe7 Ncxe7 16. Qd2 Bb7 17. Nc5 Bc6 18. Ne5 Nf6 19. Nxc6 Nxc6 20. Rfd1 Nd5
21. Rac1 Nce7 22. Rc2 Qd6 23. Rdc1 Rac8 24. g3 Nf6 25. Qa5 Rc6 26. Nb7 Rxc2
27. Nxd6 Rxc1+ 28. Kg2 Rc2 29. Qxa6 Rc6 30. Qb7 Rxd6 31. Qxe7 Rxd4 32. Qc5 Rd2
33. Qxb5 Ne4 34. Qb4 Rxf2+ 35. Kg1 Rd8 36. Qxe4 Rxb2 37. Bc4 Rd1+ 38. Bf1 Rbb1
39. Qa8+ Kh7 40. Qf3 Kg8 41. Qa8+ Kh7 42. Qf3 1/2-1/2

[Event "Pohár města Říčany 2018"]
[Site "Městské kulturní středisko U labutě"]
[Date "2019.08.31"]
[Round "9.16"]
[White "Maly, Filip"]
[Black "Skala, Jaromir"]
[Result "1/2-1/2"]
[WhiteElo "1941"]
[BlackElo "1899"]
[PlyCount "0"]
[EventDate "2019.08.24"]

1. e4 e5 2. Nf3 Nc6 3. Bb5 a6 4. Ba4 Nf6 5. O-O Be7 6. Re1 b5 7. Bb3 O-O 8. a4
Bb7 9. c3 d6 10. d3 Na5 11. Bc2 c5 12. Nbd2 Nc6 13. Nf1 Ne8 14. Ne3 g6 15. d4
cxd4 16. cxd4 exd4 17. Nxd4 Nxd4 18. Qxd4 Bf6 19. Qd3 Bc6 20. Ng4 Bg7 21. Nh6+
Kh8 22. Bb3 Qe7 23. axb5 Bxb5 24. Qd5 Ra7 25. Bg5 Bf6 26. Bxf6+ Qxf6 27. e5 dxe5
28. Ng4 Qg7 29. Nxe5 f6 30. Nf3 Rd7 31. Qc5 Nc7 32. Nd4 Rfd8 33. Ne6 Nxe6
34. Rxe6 Rc7 35. Qb4 Qf8 36. Qf4 Rdc8 37. Rae1 Kg7 38. h4 h5 39. Kh2 Ra7 40. Ba4
Rc4 41. R1e4 Rxa4 42. Rxa4 Bxa4 43. Qxa4 Qb8+ 44. Kg1 Qxb2 45. Rxa6 Qc1+ 46. Kh2
Qc7+ 1/2-1/2

[Event "Pohár města Říčany 2018"]
[Site "Městské kulturní středisko U labutě"]
[Date "2019.08.31"]
[Round "9.17"]
[White "Cervenka, Petr"]
[Black "Postupa, Pavel"]
[Result "1-0"]
[WhiteElo "1850"]
[BlackElo "1940"]
[PlyCount "0"]
[EventDate "2019.08.24"]

1. e4 c5 2. Nc3 Nc6 3. g3 g6 4. Bg2 Bg7 5. d3 Rb8 6. f4 d6 7. Nf3 Nd4 8. Be3 e6
9. O-O Ne7 10. e5 Nef5 11. Bf2 b6 12. Nxd4 cxd4 13. Nb5 dxe5 14. Nxa7 Ne7
15. Nc6 Nxc6 16. Bxc6+ Bd7 17. Bxd7+ Qxd7 18. fxe5 Bxe5 19. Be1 Qb5 20. Qf3 O-O
21. Qe2 Bg7 22. a3 Qxb2 23. Bb4 Rfc8 24. Qf3 Rxc2 25. Rfb1 Rxh2 26. Rxb2 Rxb2
27. Rc1 Bh6 28. Rc7 Be3+ 29. Kh1 Rf2 30. Qc6 h5 31. Bd6 g5 32. g4 h4 33. Be5
Rf1+ 34. Kh2 Kh7 35. Rxf7+ Rxf7 36. Bxb8 b5 37. Be5 Rf2+ 38. Kh3 Rf7 39. Qe4+
Kh6 40. Qa8 1-0

[Event "Pohár města Říčany 2018"]
[Site "Městské kulturní středisko U labutě"]
[Date "2019.08.31"]
[Round "9.18"]
[White "Voracek, Zdenek"]
[Black "Lhotsky, Frantisek"]
[Result "0-1"]
[WhiteElo "1938"]
[BlackElo "1865"]
[PlyCount "0"]
[EventDate "2019.08.24"]

1. d4 d5 2. c4 c6 3. Nf3 Nf6 4. Nc3 e6 5. e3 Nbd7 6. b3 Bd6 7. Be2 O-O 8. O-O
b6 9. Bb2 Bb7 10. Rc1 Qe7 11. Qc2 Rac8 12. e4 dxe4 13. Nxe4 Nxe4 14. Qxe4 Nf6
15. Qc2 c5 16. Rcd1 cxd4 17. Bxd4 e5 18. Bb2 Ne4 19. Nd2 Ng5 20. Qc3 f5 21. Bf3
e4 22. Bh5 Rcd8 23. a3 Ne6 24. Rfe1 Qh4 25. Qh3 Qxh3 26. gxh3 Nf4 27. Be2 Nxh3+
28. Kf1 Bc5 29. f3 Bf2 30. fxe4 fxe4 31. Bg4 Bxe1+ 32. Kxe1 Nf4 33. Bc3 Rd3
34. Rc1 Ng2+ 35. Ke2 Re3+ 36. Kd1 Re1+ 37. Kc2 Ne3+ 0-1

﻿

[Event "Pohár města Říčany 2018"]
[Site "Městské kulturní středisko U labutě"]
[Date "2019.08.31"]
[Round "9.19"]
[White "Steiner, Juraj"]
[Black "Dubnicka, Augustin"]
[Result "1-0"]
[WhiteElo "1920"]
[BlackElo "1734"]
[PlyCount "0"]
[EventDate "2019.08.24"]

1. c4 c5 2. Nf3 Nc6 3. g3 g6 4. d4 cxd4 5. Nxd4 Qb6 6. Nb3 Bg7 7. c5 Qd8 8. Bg2
Nf6 9. Nc3 O-O 10. O-O b6 11. Be3 bxc5 12. Nxc5 a6 13. Qd2 Qc7 14. Rac1 d6
15. Nd5 Nxd5 16. Qxd5 dxc5 17. Qxc6 Qxc6 18. Bxc6 Ra7 19. Bxc5 Rc7 20. Bd6 1-0

[Event "Pohár města Říčany 2018"]
[Site "Městské kulturní středisko U labutě"]
[Date "2019.08.31"]
[Round "9.20"]
[White "Kuhnmund, Ivan"]
[Black "Otruba, Marek"]
[Result "0-1"]
[WhiteElo "1631"]
[BlackElo "2133"]
[PlyCount "0"]
[EventDate "2019.08.24"]

1. e4 c5 2. g3 e6 3. Bg2 d5 4. e5 Nc6 5. f4 Qc7 6. Nf3 b6 7. O-O Bb7 8. a4 h6
9. Na3 a6 10. c3 Be7 11. d4 O-O-O 12. Be3 c4 13. b3 Na5 14. bxc4 dxc4 15. Qe2
Bxa3 16. Rxa3 Ne7 17. Nd2 Bxg2 18. Qxg2 Nd5 0-1

[Event "Pohár města Říčany 2018"]
[Site "Městské kulturní středisko U labutě"]
[Date "2019.08.31"]
[Round "9.21"]
[White "Vavrinec, Tomas"]
[Black "Bartos, Vaclav"]
[Result "0-1"]
[WhiteElo "1994"]
[BlackElo "1809"]
[PlyCount "0"]
[EventDate "2019.08.24"]

1. c4 c6 2. g3 d5 3. Bg2 Nf6 4. Nf3 dxc4 5. Qc2 b5 6. a4 Bb7 7. Na3 a6 8. O-O
g6 9. b3 cxb3 10. Qxb3 Nbd7 11. axb5 axb5 12. Ng5 e6 13. Bb2 Bh6 14. Nxb5 cxb5
15. Bxb7 Rb8 16. Ne4 Nxe4 17. Bxe4 O-O 18. Qc3 e5 19. Ra7 Bg7 20. Rc1 Nb6
21. Ba3 Rc8 22. Qxc8 Nxc8 23. Ra8 Qxd2 24. Rcxc8 b4 25. Bc1 Qxe2 26. Bb7 Qh5
27. Be3 b3 28. Be4 b2 29. Kg2 Qg4 30. Rxf8+ Bxf8 31. Bb1 Kg7 32. Rb8 Qe2 33. Ba2
Qc2 34. h4 Bd6 35. Rb6 Bc7 36. Rb4 Qc3 37. Rb5 Qc6+ 0-1

[Event "Pohár města Říčany 2018"]
[Site "Městské kulturní středisko U labutě"]
[Date "2019.08.31"]
[Round "9.22"]
[White "Vilimova, Julie"]
[Black "Kalvach, Ladislav"]
[Result "1/2-1/2"]
[WhiteElo "1953"]
[BlackElo "1784"]
[PlyCount "0"]
[EventDate "2019.08.24"]

1. d4 Nf6 2. c4 e5 3. d5 Bc5 4. Nc3 d6 5. Qc2 Nbd7 6. Nf3 O-O 7. Bg5 h6 8. Bh4
c6 9. e4 Bb4 10. Bd3 cxd5 11. cxd5 Qa5 12. O-O Bxc3 13. bxc3 g5 14. Bg3 Nc5
15. Nd2 Bd7 16. h4 Ba4 17. Nb3 Qd8 18. hxg5 hxg5 19. Rab1 Nh5 20. Qe2 Nxd3
21. Qxh5 Kg7 22. Qf3 Nf4 23. Bxf4 gxf4 24. Qg4+ Kh6 25. g3 Bd7 26. Qf3 Qg5
27. Kg2 Bg4 28. Rh1+ Kg7 29. Qd3 f3+ 30. Kf1 Rh8 31. Rg1 Rh2 32. Nd2 Qh5 33. Ke1
Rh8 34. Nc4 Rxf2 35. Kxf2 Qh2+ 36. Ke3 f2 37. Rgf1 Rh3 38. Kd2 Rxg3 39. Qc2 Rg1
40. Ne3 Bh3 41. Qd3 Qh1 42. Qe2 Bxf1 43. Rxf1 Qxe4 44. Qxf2 Rxf1 45. Qxf1 Qa4
46. Qc4 Qd7 47. Qg4+ Qxg4 48. Nxg4 f5 49. Nf2 Kf6 50. Ke3 Kg5 51. c4 b6 52. Kf3
Kf6 53. Nh3 Kg6 54. Nf2 Kf6 55. Nh3 1/2-1/2

[Event "Pohár města Říčany 2018"]
[Site "Městské kulturní středisko U labutě"]
[Date "2019.08.31"]
[Round "9.23"]
[White "Nemecek, Lukas"]
[Black "Cermak, Jan"]
[Result "1/2-1/2"]
[WhiteElo "1778"]
[BlackElo "1912"]
[PlyCount "0"]
[EventDate "2019.08.24"]

1. e4 e5 2. Nf3 Nf6 3. Nc3 Bb4 4. d3 Nc6 5. g3 d6 6. h3 h6 7. Bg2 Be6 8. O-O
O-O 9. Be3 d5 10. Nxd5 Nxd5 11. exd5 Bxd5 12. c3 Be7 13. Qc2 Bf6 14. Nd2 Bxg2
1/2-1/2

[Event "Pohár města Říčany 2018"]
[Site "Městské kulturní středisko U labutě"]
[Date "2019.08.31"]
[Round "9.24"]
[White "Holub, Milan"]
[Black "Day, Tobias"]
[Result "1/2-1/2"]
[WhiteElo "1988"]
[BlackElo "1761"]
[PlyCount "0"]
[EventDate "2019.08.24"]

1. d4 f5 2. Nc3 d5 3. Nf3 Nf6 4. Bg5 e6 5. e3 Be7 6. Ne5 Nbd7 7. Bxf6 Bxf6
8. Nxd7 Bxd7 9. Qd2 Qe7 10. Nb5 Bxb5 11. Bxb5+ c6 12. Be2 c5 13. c3 c4 14. f4 h5
15. Qd1 g6 16. Qa4+ Qd7 17. Qxd7+ Kxd7 18. b3 b5 19. a4 a6 20. b4 Be7 21. axb5
axb5 22. Kd2 Kc6 23. Kc2 Ra4 24. Rxa4 bxa4 25. Kb2 h4 26. Bd1 Kb5 27. Ka3 Ra8
28. g4 g5 29. gxf5 exf5 30. Bc2 Rf8 31. Bxa4+ Kb6 32. Kb2 gxf4 33. exf4 Rg8
34. Re1 Bd6 35. Re6 Kc7 36. Rf6 Bxf4 37. Rxf5 Rg2+ 38. Bc2 Bd6 39. Rxd5 Rxh2
40. Rh5 h3 41. Rh7+ Kc6 42. Rh6 Kc7 43. Rh7+ Kc6 44. Rh6 Kc7 1/2-1/2